Donde termina la ciudad / (Record no. 20848)
[ view plain ]
| 000 -CABECERA | |
|---|---|
| campo de control de longitud fija | 01710nam a22004097a 4500 |
| 003 - IDENTIFICADOR DEL NÚMERO DE CONTROL | |
| campo de control | OSt |
| 005 - FECHA Y HORA DE LA ÚLTIMA TRANSACCIÓN | |
| campo de control | 20260601171020.0 |
| 008 - DATOS DE LONGITUD FIJA--INFORMACIÓN GENERAL | |
| campo de control de longitud fija | 260520b2019\\\\mx\a||||\||||\00|\0\spa\d |
| 020 ## - NÚMERO INTERNACIONAL ESTÁNDAR DEL LIBRO | |
| Número Internacional Estándar del Libro | 9786079489489 |
| 040 ## - FUENTE DE LA CATALOGACIÓN | |
| Centro catalogador/agencia de origen | ICI |
| Lengua de catalogación | spa |
| Centro/agencia transcriptor | ICI |
| Normas de descripción | rda |
| 050 ## - SIGNATURA TOPOGRÁFICA DE LA BIBLIOTECA DEL CONGRESO | |
| Número de clasificación | HT155 |
| Número de documento/Ítem | D65 |
| 100 ## - ENTRADA PRINCIPAL--NOMBRE DE PERSONA | |
| Término indicativo de función/relación | autor |
| 245 ## - MENCIÓN DE TÍTULO | |
| Título | Donde termina la ciudad / |
| Mención de responsabilidad, etc. | Alejandro Hernández Gálvez, Alfonso Fierro, Angelos Varvarousis, Christian Mendoza, Daniel Daou, Jazmina Barrera, Liam Young, Luz América Viveros Anaya, Marina Otero, Matthew Vitz, Penny Koutrolikou, Regina Hernández Franyuti, Ross Exo Adams, Sandra Olguín ; edición y traducción al español, Alejandro Hernández Gálvez |
| 250 ## - MENCIÓN DE EDICIÓN | |
| Mención de edición | Primera edición |
| 264 ## - PRODUCCIÓN, PUBLICACIÓN, DISTRIBUCIÓN, FABRICACIÓN Y COPYRIGHT | |
| Producción, publicación, distribución, fabricación y copyright | Ciudad de México : |
| Nombre del de productor, editor, distribuidor, fabricante | Arquine, |
| Fecha de producción, publicación, distribución, fabricación o copyright | 2019 |
| 300 ## - DESCRIPCIÓN FÍSICA | |
| Extensión | 103 páginas : |
| Otras características físicas | ilustraciones |
| 336 ## - TIPO DE CONTENIDO | |
| Fuente | rdacontent |
| Término de tipo de contenido | texto |
| 337 ## - TIPO DE MEDIO | |
| Fuente | rdamedia |
| Nombre/término del tipo de medio | sin medio |
| 338 ## - TIPO DE SOPORTE | |
| Fuente | rdacarrier |
| Nombre/término del tipo de soporte | volumen |
| 490 #0 - MENCIÓN DE SERIE | |
| Mención de serie | Mextrópoli ; |
| Designación de volumen o secuencia | 14 |
| 650 ## - PUNTO DE ACCESO ADICIONAL DE MATERIA--TÉRMINO DE MATERIA | |
| Término de materia o nombre geográfico como elemento de entrada | Ciudades y pueblos |
| 9 (RLIN) | 22758 |
| 700 #1 - PUNTO DE ACCESO ADICIONAL--NOMBRE DE PERSONA | |
| Nombre de persona | Hernández Gálvez, Alejandro, |
| Término indicativo de función/relación | autor, |
| -- | editor, |
| -- | traductor |
| 700 #1 - PUNTO DE ACCESO ADICIONAL--NOMBRE DE PERSONA | |
| Nombre de persona | Fierro, Alfonso, |
| Término indicativo de función/relación | autor |
| 9 (RLIN) | 34520 |
| 700 #1 - PUNTO DE ACCESO ADICIONAL--NOMBRE DE PERSONA | |
| Nombre de persona | Varvarousis, Angelos, |
| Término indicativo de función/relación | autor |
| 9 (RLIN) | 34521 |
| 700 #1 - PUNTO DE ACCESO ADICIONAL--NOMBRE DE PERSONA | |
| Nombre de persona | Mendoza, Christian, |
| Término indicativo de función/relación | autor |
| 9 (RLIN) | 34522 |
| 700 #1 - PUNTO DE ACCESO ADICIONAL--NOMBRE DE PERSONA | |
| Nombre de persona | Daou, Daniel, |
| Término indicativo de función/relación | autor |
| 9 (RLIN) | 34523 |
| 700 #1 - PUNTO DE ACCESO ADICIONAL--NOMBRE DE PERSONA | |
| Nombre de persona | Barrera Velázquez, Jazmina, |
| Fechas asociadas al nombre | 1988- , |
| Término indicativo de función/relación | autor |
| 9 (RLIN) | 34524 |
| 700 #1 - PUNTO DE ACCESO ADICIONAL--NOMBRE DE PERSONA | |
| Nombre de persona | Young, Liam, |
| Término indicativo de función/relación | autor |
| 9 (RLIN) | 34525 |
| 700 #1 - PUNTO DE ACCESO ADICIONAL--NOMBRE DE PERSONA | |
| Nombre de persona | Viveros Anaya, Luz América, |
| Término indicativo de función/relación | autor |
| 9 (RLIN) | 34526 |
| 700 #1 - PUNTO DE ACCESO ADICIONAL--NOMBRE DE PERSONA | |
| Nombre de persona | Otero, Marina, |
| Término indicativo de función/relación | autor |
| 9 (RLIN) | 34527 |
| 700 #1 - PUNTO DE ACCESO ADICIONAL--NOMBRE DE PERSONA | |
| Nombre de persona | Vitz, Matthew, |
| Fechas asociadas al nombre | 1979- , |
| Término indicativo de función/relación | autor |
| 9 (RLIN) | 34528 |
| 700 #1 - PUNTO DE ACCESO ADICIONAL--NOMBRE DE PERSONA | |
| Nombre de persona | Koutrolikou, Penny, |
| Término indicativo de función/relación | autor |
| 9 (RLIN) | 34529 |
| 700 #1 - PUNTO DE ACCESO ADICIONAL--NOMBRE DE PERSONA | |
| Nombre de persona | Hernández, Regina, |
| Término indicativo de función/relación | autor |
| 9 (RLIN) | 34530 |
| 700 #1 - PUNTO DE ACCESO ADICIONAL--NOMBRE DE PERSONA | |
| Nombre de persona | Adams, Ross Exo, |
| Término indicativo de función/relación | autor |
| 9 (RLIN) | 34531 |
| 700 #1 - PUNTO DE ACCESO ADICIONAL--NOMBRE DE PERSONA | |
| Nombre de persona | Olguín, Sandra, |
| Término indicativo de función/relación | autor |
| 9 (RLIN) | 34532 |
| 942 ## - ELEMENTOS DE PUNTO DE ACCESO ADICIONAL (KOHA) | |
| Fuente del sistema de clasificación o colocación | Library of Congress Classification |
| Tipo de ítem Koha | Libros |
| Suprimir en OPAC | 1 |
No items available.